000 00672cab a2200217 4500
001 WB3223-18
008 090401t1996 xxu||||| |||| 00| 0 eng d
035 _a(Sirsi) u27604
041 _aeng
245 _aEU landfill directive
260 _c1996
350 _a0
490 _aThe Waste Manager
_v25(6) June 1996, 5-6(1)
520 _aThe proposed EU landfill directive seems likely to be abandoned after being rejected by the European Parliament. Discusses the UK landfill philosophy.
650 _aEU DIRECTIVES
650 _aLANDFILL
690 _aENVIRONMENTAL AND LAND CONSULTANCY
690 _aEUROPE-SINGLE MARKET
942 _n0
948 _c04/03/1997
999 _c18586
_d18586